[Event "55smm B Merania-Taufers"]
[Site "?"]
[Date "2023.12.16"]
[Round "4.5"]
[White "Innerbichler, Robert"]
[Black "Wild, Alex"]
[Result "1/2-1/2"]
[WhiteElo "1432"]
[BlackElo "1576"]
[PlyCount "57"]
[EventDate "2023.12.16"]

{[%evp 0,57,31,14,18,38,28,31,13,28,16,12,2,0,-1,-11,-2,5,6,-6,-5,-21,-14,-20,
24,33,26,0,7,7,0,-28,-17,-41,-22,-22,-6,-5,-14,-40,-34,- 26,7,-37,-37,-29,-34,
-34,-34,-38,-31,-52,-31,-38,-40,-48,-39,-45,-38,-48]} 1. e4 e5 2. Nf3 Nc6 3.
Bc4 Nf6 4. Nc3 Bc5 5. O-O d6 6. h3 O-O 7. a3 a5 8. d3 Be6 9. Bg5 h6 10. Bxf6
Qxf6 11. Nd5 Qd8 12. c3 Ne7 13. Nxe7+ Qxe7 14. Bxe6 fxe6 15. b4 Bb6 16. c4 Bd4
17. Nxd4 exd4 18. Qd2 b6 19. Qb2 e5 20. Qd2 Qh4 21. Ra2 Qf4 22. Qxf4 Rxf4 23.
b5 g5 24. a4 Raf8 25. Rb2 R8f7 26. Rd1 h5 27. Rf1 Kh7 28. Rd2 Kg6 29. Rb2
1/2-1/2

[Event "55smm A Ehrenburg-Deutschnofen"]
[Site "?"]
[Date "2024.01.13"]
[Round "5.1"]
[White "Zamengo, Fulvio"]
[Black "Wohlfahrt, Herbert"]
[Result "1/2-1/2"]
[WhiteElo "2345"]
[BlackElo "2329"]
[PlyCount "120"]
[EventDate "2024.01.13"]

1. e4 e5 2. Bc4 Nc6 3. Nf3 Nf6 4. d3 Be7 5. O-O O-O 6. Re1 d6 7. c3 Na5 8. Bb5
a6 9. Ba4 b5 10. Bc2 c5 11. Nbd2 Re8 12. Nf1 Nc6 13. a4 Bd7 14. Ne3 Bf8 15. Bb3
Na5 16. Ba2 bxa4 17. Ng5 Nb3 18. Bxb3 axb3 19. Qxb3 Qe7 20. Ra5 h6 21. Nf3 Bb5
22. c4 Bc6 23. Nd2 Qc7 24. Ra3 Reb8 25. Qd1 g6 26. Nb1 Bg7 27. Nc3 Kh7 28. Qc2
Qb7 29. Ra2 Qb3 30. Bd2 Qxc2 31. Nxc2 Bf8 32. Ne3 Be7 33. Rea1 Rb6 34. Ncd5
Nxd5 35. Nxd5 Bxd5 36. cxd5 f5 37. Ba5 Rb5 38. Bc3 Rb6 39. Kf1 Kg8 40. Ke2 Kf7
41. Ra4 Bf6 42. Rc4 Rab8 43. Kd1 Bd8 44. Kc2 Bf6 45. h3 h5 46. Raa4 R8b7 47.
Ra2 Rb8 48. f3 Bg5 49. Rca4 Ra8 50. Ba5 Rb7 51. Be1 Rb6 52. Bf2 Ke8 53. exf5
gxf5 54. g4 hxg4 55. hxg4 Kf7 56. Be1 Be3 57. Ba5 Rb7 58. Bc3 Rb6 59. Ba5 Rb7
60. Bc3 Rb6 1/2-1/2

[Event "55smm A Ehrenburg-Deutschnofen"]
[Site "?"]
[Date "2024.01.13"]
[Round "5.2"]
[White "Lerch, Johannes"]
[Black "Gennari, Jacopo"]
[Result "1/2-1/2"]
[WhiteElo "2119"]
[BlackElo "2116"]
[PlyCount "123"]
[EventDate "2024.01.13"]

1. Nf3 d5 2. e3 Nf6 3. c4 c6 4. Nc3 e6 5. b3 Be7 6. Bb2 O-O 7. d4 b6 8. Bd3 Bb7
9. O-O Nbd7 10. Qe2 Rc8 11. e4 dxe4 12. Nxe4 Nxe4 13. Qxe4 Nf6 14. Qe2 c5 15.
Rad1 Qc7 16. dxc5 Qxc5 17. Ne5 Rfd8 18. Rfe1 h6 19. b4 Qc7 20. a3 Bd6 21. Kh1
Bxe5 22. Bxe5 Qe7 23. f3 Bc6 24. Bc2 a6 25. Rxd8+ Rxd8 26. Rd1 b5 27. Rxd8+
Qxd8 28. Qd3 Qxd3 29. Bxd3 Nd7 30. Bc7 bxc4 31. Bxc4 Bb5 32. Bb3 Nf6 33. Bd6
Nd5 34. a4 Bd3 35. Kg1 f5 36. Kf2 Kf7 37. Bc5 h5 38. Ke1 Ke8 39. Kd2 Bf1 40. g3
Kd7 41. f4 h4 42. Bxd5 exd5 43. gxh4 g6 44. Ke3 Kc6 45. h5 gxh5 46. Be7 Bc4 47.
Kd4 Bb3 48. Ke5 d4 49. Kxd4 Bxa4 50. Ke5 Bc2 51. Bh4 Kb5 52. Kf6 Kxb4 53. Kg5
Kc4 54. Kxh5 Bd1+ 55. Kg6 Bg4 56. Bf6 Bh3 57. Kg5 Kd5 58. Kh4 Bf1 59. Kg5 Bh3
60. Kh4 Bf1 61. h3 Ke4 62. Kg3 1/2-1/2

[Event "55smm A Ehrenburg-Deutschnofen"]
[Site "?"]
[Date "2024.01.13"]
[Round "5.3"]
[White "Lain, Luigi"]
[Black "Hengl, Christian"]
[Result "1-0"]
[WhiteElo "2243"]
[BlackElo "2125"]
[PlyCount "163"]
[EventDate "2024.01.13"]

1. d4 d5 2. c4 c6 3. Nc3 Nf6 4. cxd5 cxd5 5. Bf4 Nc6 6. e3 Bg4 7. Qb3 Na5 8.
Bb5+ Bd7 9. Qa4 Nc6 10. Nf3 a6 11. Bxc6 Bxc6 12. Qb3 e6 13. Ne5 Bd6 14. Nxc6
bxc6 15. Qb7 O-O 16. Qxc6 Bxf4 17. exf4 Qb8 18. Nd1 Qxf4 19. Qc3 Qe4+ 20. Ne3
Rfc8 21. Qd2 e5 22. Rd1 exd4 23. Qxd4 Rab8 24. b3 Rb4 25. Qxe4 Rxe4 26. O-O d4
27. Nf5 Rd8 28. f3 Re5 29. Rxd4 Rxd4 30. Nxd4 Rd5 31. Rd1 g6 32. Kf2 Kg7 33.
Rd2 h5 34. b4 Re5 35. Nb3 Nd5 36. a3 Nc3 37. Na5 h4 38. Nc4 Rf5 39. Rd3 Nd5 40.
Nd6 Re5 41. Rd4 Nc3 42. Rd2 Kf8 43. Nc4 Re6 44. Ne3 Nb5 45. Rd3 Rc6 46. a4 Nc3
47. a5 Nb5 48. f4 Ke7 49. f5 Kf6 50. fxg6 fxg6 51. Kf3 g5 52. Kg4 Kg6 53. Rd5
Rc3 54. Rxg5+ Kf7 55. Re5 Nd6 56. Re7+ Kf8 57. Re6 Rd3 58. Nf5 Nxf5 59. Kxf5
Rd2 60. Rg6 Kf7 61. Rg4 h3 62. gxh3 Rxh2 63. h4 Rd2 64. Ke5 Rd7 65. h5 Rb7 66.
Rh4 Ke7 67. Kd5 Kf7 68. h6 Kg8 69. h7+ Kh8 70. Kc6 Rb8 71. Kd7 Rb7+ 72. Kc8 Rb5
73. Kc7 Rg5 74. Kb7 Rg6 75. b5 axb5 76. a6 Rf6 77. a7 Rf7+ 78. Kb6 Rf6+ 79.
Kxb5 Rf5+ 80. Ka4 Rf8 81. Rb4 Kxh7 82. Rb8 1-0

[Event "55smm A Ehrenburg-Deutschnofen"]
[Site "?"]
[Date "2024.01.13"]
[Round "5.4"]
[White "Hengl, Philip"]
[Black "Micheli, Carlo"]
[Result "1-0"]
[WhiteElo "1952"]
[BlackElo "2177"]
[PlyCount "111"]
[EventDate "2024.01.13"]

1. e4 d6 2. d4 Nf6 3. Bd3 e5 4. c3 Nc6 5. Nf3 Be7 6. h3 O-O 7. O-O exd4 8. cxd4
Nb4 9. Nc3 Nxd3 10. Qxd3 d5 11. e5 Ne8 12. Ne1 c6 13. Nc2 f6 14. f4 f5 15. b4
a5 16. b5 a4 17. Rb1 Nc7 18. Be3 Bd7 19. bxc6 bxc6 20. Rfc1 Ne6 21. Nb4 Qa5 22.
a3 Rab8 23. Nca2 Rb6 24. Rc3 Qa8 25. Kh2 Bd8 26. Rbc1 g5 27. g3 Rf7 28. Rf1 Rg7
29. Rc2 Rb8 30. Re2 gxf4 31. Bxf4 Bb6 32. Be3 Qa7 33. Nc2 Rf8 34. Bh6 c5 35.
Bxg7 Nxg7 36. dxc5 Bxc5 37. Nab4 d4 38. Rd2 Qb7 39. Qf3 Qb6 40. Qd3 Bb5 41. Qf3
Bxf1 42. Qxf1 Qe6 43. Qb5 Bxb4 44. Nxd4 Qh6 45. Qxb4 f4 46. g4 f3 47. Qc4+ Kh8
48. Nxf3 Ne6 49. g5 Nxg5 50. Nxg5 Qxg5 51. Qd4 Rf4 52. Qb2 Qe7 53. e6+ Rf6 54.
Qb8+ Rf8 55. Qe5+ Qf6 56. Qxf6+ 1-0

[Event "55smm A Ehrenburg-Deutschnofen"]
[Site "?"]
[Date "2024.01.13"]
[Round "5.5"]
[White "Thurner, Markus"]
[Black "Gruber, Alexander"]
[Result "1-0"]
[WhiteElo "1918"]
[BlackElo "1856"]
[PlyCount "79"]
[EventDate "2024.01.13"]

1. e4 e5 2. Nf3 Nc6 3. Bc4 Bc5 4. d3 h6 5. c3 d6 6. b4 Bb6 7. a4 a6 8. Be3 Nf6
9. Bxb6 cxb6 10. Qb3 O-O 11. Nbd2 Qc7 12. O-O Re8 13. Rfe1 Be6 14. Bxe6 Rxe6
15. Nf1 Rc8 16. Ne3 Na7 17. c4 g6 18. h3 Qd7 19. b5 a5 20. Nd2 Rf8 21. Nb1 Nc8
22. Nc3 Qd8 23. Re2 Nh5 24. Ncd5 Qg5 25. Rf1 Nf4 26. Ree1 Nxh3+ 27. Kh2 Nf4 28.
Nxf4 Qxf4+ 29. g3 Qg5 30. Nd5 h5 31. Qd1 f5 32. f4 exf4 33. Nxf4 Re5 34. Nh3
Qe7 35. exf5 Rfxf5 36. Rxe5 Rxe5 37. Nf4 Kh7 38. Qf3 Rf5 39. Qg2 Qf7 40. Nh3
1-0

[Event "55smm A Ehrenburg-Deutschnofen"]
[Site "?"]
[Date "2024.01.13"]
[Round "5.6"]
[White "Mairhofer, Lino"]
[Black "Tonina, Filippo"]
[Result "1/2-1/2"]
[WhiteElo "1765"]
[BlackElo "1946"]
[PlyCount "49"]
[EventDate "2024.01.13"]

1. e4 d6 2. d4 Nf6 3. Nc3 g6 4. Be3 c6 5. f3 b5 6. a3 a6 7. Qd2 Nbd7 8. Nh3 Qc7
9. g3 e5 10. d5 c5 11. Bg2 Nb6 12. b3 Bxh3 13. Bxh3 Bg7 14. O-O O-O 15. a4 b4
16. Na2 a5 17. c4 Nfd7 18. Rf2 f5 19. Raf1 fxe4 20. fxe4 Rxf2 21. Rxf2 Rf8 22.
Qe2 Rxf2 23. Qxf2 Nf6 24. Qf3 Qe7 25. Nc1 1/2-1/2

[Event "55smm A Klausen-Brixen/Milland"]
[Site "?"]
[Date "2024.01.13"]
[Round "5.1"]
[White "Brenninger, Daniel"]
[Black "Schacher, Gerd"]
[Result "1/2-1/2"]
[WhiteElo "2100"]
[BlackElo "2253"]
[PlyCount "48"]
[EventDate "2024.01.13"]

1. d4 Nf6 2. c4 c5 3. d5 e6 4. Nc3 exd5 5. cxd5 d6 6. e4 g6 7. Bd3 Bg7 8. Nge2
O-O 9. O-O a6 10. a4 Nbd7 11. Bf4 Ne8 12. Bg3 Ne5 13. f4 Nd7 14. Qc2 Rb8 15.
Kh1 Nc7 16. a5 b5 17. axb6 Nxb6 18. b3 Nb5 19. Rad1 Nd7 20. e5 Nd4 21. Nxd4
cxd4 22. Ne2 dxe5 23. fxe5 Bxe5 24. Bc4 Bb7 1/2-1/2

[Event "55smm A Klausen-Brixen/Milland"]
[Site "?"]
[Date "2024.01.13"]
[Round "5.2"]
[White "Seebacher, Michael"]
[Black "Sader, Michael"]
[Result "1-0"]
[WhiteElo "2087"]
[BlackElo "2093"]
[PlyCount "43"]
[EventDate "2024.01.13"]

1. e4 c5 2. d4 cxd4 3. c3 d3 4. Bxd3 e6 5. f4 d6 6. Nf3 Nd7 7. Bc2 a6 8. g4 b6
9. Be3 Bb7 10. Nbd2 Qc7 11. Qe2 Ngf6 12. g5 Nh5 13. O-O-O g6 14. f5 e5 15. Bb3
Nc5 16. Bxc5 Qxc5 17. Nc4 Nf4 18. Qd2 Bxe4 19. Ncxe5 Bxf3 20. Nxf3 Qxf5 21.
Rhe1+ Kd7 22. Bc2 1-0

[Event "55smm A Klausen-Brixen/Milland"]
[Site "?"]
[Date "2024.01.13"]
[Round "5.3"]
[White "Kofler, Thomas"]
[Black "Bodrov, Timofey"]
[Result "1-0"]
[WhiteElo "1948"]
[BlackElo "2111"]
[PlyCount "147"]
[EventDate "2024.01.13"]

1. c4 g6 2. g3 Bg7 3. Bg2 e5 4. Nc3 d6 5. Nf3 Ne7 6. d3 O-O 7. Bg5 h6 8. Be3
Nbc6 9. Qc1 Kh7 10. O-O Be6 11. Rb1 d5 12. cxd5 Nxd5 13. Nxd5 Bxd5 14. a3 Re8
15. Qc5 Kg8 16. Rbd1 a5 17. Nd2 Bxg2 18. Kxg2 Nd4 19. Bxd4 exd4 20. Rfe1 Qd7
21. Rc1 Re7 22. Nf3 b6 23. Qc6 Rae8 24. Qxd7 Rxd7 25. Rc6 Kf8 26. Kf1 Re6 27.
Rec1 Rxc6 28. Rxc6 Ke7 29. Ke1 Kd8 30. a4 Rd5 31. b3 Kd7 32. Rc4 c6 33. Kd2 b5
34. Rc2 Bf8 35. e4 dxe3+ 36. fxe3 Bb4+ 37. Ke2 bxa4 38. bxa4 c5 39. Rc4 Ke6 40.
Rh4 h5 41. Re4+ Kf6 42. h4 Kg7 43. Re8 Rd7 44. Ne5 Rb7 45. Rc8 f6 46. Nc4 Ra7
47. Rc6 Re7 48. Ra6 g5 49. Nxa5 Bc3 50. hxg5 fxg5 51. Nc4 Rf7 52. Nd6 Rd7 53.
Ne4 Be5 54. Nxg5 Bxg3 55. Ne6+ Kf7 56. Nxc5 Rc7 57. d4 h4 58. Rh6 Rc8 59. Kf3
Kg7 60. Rh5 Kg6 61. Kg4 Re8 62. e4 Bf2 63. Rd5 Rb8 64. Kf3 Bg1 65. Kg2 Be3 66.
Nd3 Rb3 67. Ne5+ Kg5 68. Rb5 Rxb5 69. axb5 Kf4 70. Nc4 Bxd4 71. Nd2 Bc5 72. Kh3
Ke5 73. Kxh4 Kd6 74. Nc4+ 1-0

[Event "55smm A Klausen-Brixen/Milland"]
[Site "?"]
[Date "2024.01.13"]
[Round "5.4"]
[White "Seebacher, Reinhard"]
[Black "Paulmichl, Martin"]
[Result "1/2-1/2"]
[WhiteElo "1931"]
[BlackElo "1880"]
[PlyCount "68"]
[EventDate "2024.01.13"]

1. Nf3 f5 2. c4 Nf6 3. Nc3 e6 4. g3 Be7 5. Bg2 O-O 6. O-O d6 7. d3 c6 8. e4 e5
9. c5 Na6 10. cxd6 Qxd6 11. d4 Ng4 12. dxe5 Nxe5 13. Nxe5 Qxe5 14. Bf4 Qf6 15.
exf5 Qxf5 16. Be4 Qf7 17. Be3 Nc5 18. Bg2 Bf5 19. Bxc5 Bxc5 20. Ne4 Rad8 21.
Qc2 Bb6 22. Kh1 Rfe8 23. f3 Rd4 24. Rfe1 Red8 25. Re2 h6 26. Rae1 Bxe4 27. Rxe4
Rd2 28. Re8+ Rxe8 29. Rxe8+ Qxe8 30. Qxd2 Qg6 31. Qd1 Qe6 32. Qb1 Qe2 33. f4
Bd4 34. b3 Qb2 1/2-1/2

[Event "55smm A Klausen-Brixen/Milland"]
[Site "?"]
[Date "2024.01.13"]
[Round "5.5"]
[White "Wisthaler, Lukas"]
[Black "Schrott, Karl"]
[Result "1/2-1/2"]
[WhiteElo "1860"]
[BlackElo "1927"]
[PlyCount "43"]
[EventDate "2024.01.13"]

1. e4 c5 2. Nf3 d6 3. c4 e5 4. Nc3 Nf6 5. d3 Be7 6. Be2 Nc6 7. O-O O-O 8. h3
Nd4 9. Nxd4 cxd4 10. Nd5 Nxd5 11. cxd5 f5 12. f4 Qb6 13. Bf3 Bd7 14. exf5 exf4
15. Bxf4 Bxf5 16. Bg3 Bg5 17. Bg4 Bg6 18. Be6+ Kh8 19. Qe2 h6 20. Kh2 Be3 21.
b3 Qc7 22. Rxf8+ 1/2-1/2

[Event "55smm A Klausen-Brixen/Milland"]
[Site "?"]
[Date "2024.01.13"]
[Round "5.6"]
[White "Schrott, Johann"]
[Black "Kofler, Oswald"]
[Result "1/2-1/2"]
[WhiteElo "1763"]
[BlackElo "1803"]
[PlyCount "100"]
[EventDate "2024.01.13"]

1. e4 e5 2. Nf3 Nc6 3. Bb5 a6 4. Ba4 Nf6 5. O-O d6 6. Re1 Be7 7. c3 O-O 8. h3
b5 9. Bb3 h6 10. d4 Re8 11. d5 Nb8 12. a4 bxa4 13. Bxa4 Bd7 14. Be3 c5 15. Nbd2
Nh7 16. Bc2 Rf8 17. Nf1 Qc8 18. Ng3 Ng5 19. Nxg5 hxg5 20. Qh5 f6 21. Nf5 Bxf5
22. exf5 Qe8 23. Qg4 Nd7 24. h4 Nb6 25. hxg5 fxg5 26. Bxg5 Bxg5 27. Qxg5 Qd8
28. Qg4 Qf6 29. Ra5 Ra7 30. Qe2 Rfa8 31. Rea1 Qg5 32. b4 cxb4 33. cxb4 Rc8 34.
Re1 Nc4 35. Raa1 a5 36. Bd3 Nd2 37. Rxa5 Rxa5 38. bxa5 Nb3 39. a6 Nd4 40. Qe3
Qh5 41. a7 Qf7 42. Qh3 Ra8 43. Ra1 Rxa7 44. Rxa7 Qxa7 45. g4 Qc7 46. Qe3 Qf7
47. Be4 Qd7 48. f4 Qa4 49. fxe5 dxe5 50. Kg2 Qb4 1/2-1/2

[Event "55smm A Richter/Lask-Arci"]
[Site "?"]
[Date "2024.01.13"]
[Round "5.1"]
[White "Olivetti, Davide"]
[Black "Kowalczyk, Martin"]
[Result "1-0"]
[WhiteElo "2128"]
[BlackElo "1753"]
[PlyCount "97"]
[EventDate "2024.01.13"]

1. e4 e5 2. Nf3 Nf6 3. d4 Nxe4 4. dxe5 d5 5. Bd3 Nc5 6. O-O Nxd3 7. Qxd3 Be7 8.
Nc3 c6 9. Ne2 O-O 10. Ng3 Nd7 11. b4 f6 12. e6 Ne5 13. Qc3 Bxe6 14. Nd4 Qd6 15.
Re1 Qxb4 16. Qxb4 Bxb4 17. Rxe5 fxe5 18. Nxe6 Rf6 19. Rb1 Be1 20. Be3 Rxe6 21.
Rxe1 b6 22. f3 h6 23. h4 Rd8 24. Bc1 Kf7 25. h5 c5 26. Bb2 d4 27. Ne4 c4 28. g4
Rd5 29. g5 Ra5 30. a3 Rc6 31. g6+ Kf8 32. Bc1 Rb5 33. a4 Ra5 34. f4 exf4 35.
Ba3+ Ke8 36. Nc5+ Kd8 37. Nb7+ Kc8 38. Nxa5 bxa5 39. Rd1 d3 40. cxd3 c3 41. Rc1
Kd8 42. Kf2 c2 43. Bb2 Rc5 44. Bxg7 Rxh5 45. Kf3 Rh3+ 46. Kxf4 Rxd3 47. Rxc2
Rd6 48. Kf5 Rd5+ 49. Be5 1-0

[Event "55smm A Richter/Lask-Arci"]
[Site "?"]
[Date "2024.01.13"]
[Round "5.2"]
[White "Unterweger, Jonas"]
[Black "Perino, Alberto"]
[Result "1-0"]
[WhiteElo "1731"]
[BlackElo "1927"]
[PlyCount "127"]
[EventDate "2024.01.13"]

1. d4 Nf6 2. Nf3 d5 3. c3 e6 4. Bf4 c5 5. e3 Nc6 6. Ne5 Bd6 7. Nd2 Qc7 8. Qa4
O-O 9. Nxc6 Bxf4 10. exf4 bxc6 11. dxc5 e5 12. O-O-O Ng4 13. fxe5 Nxf2 14. Be2
Nxh1 15. Rxh1 Rb8 16. Nf3 Bf5 17. Rd1 Be4 18. Qd4 Qa5 19. a3 Rb3 20. Bc4 Bxf3
21. Bxb3 Bxd1 22. Bxd1 Re8 23. Ba4 Re6 24. Kd2 Qa6 25. Qh4 f6 26. Bc2 g6 27.
Qg4 Rxe5 28. Bxg6 Kh8 29. Bd3 Qb7 30. b4 Rg5 31. Qh3 Qc7 32. g3 Rg8 33. Qf5 Qe7
34. a4 Qg7 35. Kc2 Re8 36. b5 Qg6 37. Qxg6 hxg6 38. b6 Kg7 39. a5 f5 40. Kb3
Kf6 41. Kb4 Rb8 42. a6 axb6 43. cxb6 Rxb6+ 44. Kc5 Rb3 45. a7 Rxc3+ 46. Kb4
Rxd3 47. a8=Q Rd4+ 48. Kc5 Rc4+ 49. Kd6 Kg5 50. Qd8+ Kg4 51. Qh4+ Kf3 52. Qh6
Kg2 53. Qd2+ Kh3 54. Ke5 Rg4 55. Kf6 c5 56. Ke5 Rd4 57. Qh6+ Kg2 58. Qxg6 Kxh2
59. Kxf5 c4 60. g4 Rd3 61. Kf4 Rd2 62. Kf3 c3 63. Qh6+ Kg1 64. Qxd2 1-0

[Event "55smm A Richter/Lask-Arci"]
[Site "?"]
[Date "2024.01.13"]
[Round "5.3"]
[White "De Vita, Gianni"]
[Black "Unterweger, Christian"]
[Result "1-0"]
[WhiteElo "1936"]
[BlackElo "1533"]
[PlyCount "123"]
[EventDate "2024.01.13"]

1. e4 e5 2. Nf3 Nc6 3. Bc4 Bc5 4. b4 Bxb4 5. c3 Ba5 6. d4 exd4 7. Qb3 Qf6 8.
O-O Nge7 9. cxd4 Bb6 10. e5 Qg6 11. Bd3 Qg4 12. h3 Qh5 13. Bb2 d6 14. exd6 cxd6
15. Nbd2 d5 16. Rfe1 Be6 17. Nf1 O-O 18. Ng3 Qh6 19. Bc1 Nxd4 20. Nxd4 Qf6 21.
Nf3 Qxa1 22. Bb2 d4 23. Bxa1 Bxb3 24. axb3 Nc6 25. Re4 f5 26. Re2 g6 27. h4 a5
28. h5 a4 29. bxa4 Rxa4 30. Bb2 Rfa8 31. hxg6 hxg6 32. Kh2 Kg7 33. Ng5 Rb4 34.
Bc1 Rh8+ 35. Kg1 Rb3 36. Bc2 Rxg3 37. Nf3 Rg4 38. Bd3 Nb4 39. Bb5 Re4 40. Rd2
Rc8 41. Bb2 Rd8 42. g3 Kf6 43. Kg2 g5 44. Rd1 Kg6 45. Nd2 Re7 46. Ba3 Re5 47.
Bc4 Nc2 48. Nf3 Ree8 49. Bc1 g4 50. Nh4+ Kf6 51. Bd2 Rd6 52. Bd3 Ne3+ 53. fxe3
dxe3 54. Bc3+ Kg5 55. Rf1 Rxd3 56. Rxf5+ Kh6 57. Rf6+ Kh7 58. Rf7+ Kh6 59. Rf6+
Kh7 60. Rf7+ Kh6 61. Bg7+ Kh7 62. Be5+ 1-0

[Event "55smm A Richter/Lask-Arci"]
[Site "?"]
[Date "2024.01.13"]
[Round "5.4"]
[White "Pardeller, Arthur"]
[Black "De Nisi, Roberta"]
[Result "1-0"]
[WhiteElo "1516"]
[BlackElo "1800"]
[PlyCount "93"]
[EventDate "2024.01.13"]

1. d4 f5 2. c4 Nf6 3. Nc3 g6 4. Nf3 Bg7 5. e3 O-O 6. b3 d6 7. Bb2 Nc6 8. Be2
Bd7 9. O-O a6 10. d5 Ne5 11. Nd4 c6 12. dxc6 bxc6 13. f4 Neg4 14. Qd2 e5 15.
Nf3 Qb6 16. fxe5 dxe5 17. Na4 Qxe3+ 18. Qxe3 Nxe3 19. Rfc1 e4 20. Ng5 h6 21.
Nh3 Nfg4 22. Bxg7 Kxg7 23. Nf4 Nf6 24. Nb6 Rae8 25. h3 Re7 26. Kf2 g5 27. Kxe3
gxf4+ 28. Kxf4 Be6 29. Rd1 Rb8 30. Na4 Nd7 31. Rd6 Rc8 32. Rad1 Kf6 33. g4 Kg7
34. gxf5 Bxf5 35. Kxf5 Rf8+ 36. Kg4 Ne5+ 37. Kg3 Rf5 38. Nc3 Rg5+ 39. Kf2 Nf3
40. Rd7 Rxd7 41. Rxd7+ Kg6 42. Nxe4 Ne5 43. Rd6+ Kf7 44. Nxg5+ hxg5 45. Bf3 Ke7
46. Rxc6 a5 47. Ra6 1-0

[Event "55smm A Richter/Lask-Arci"]
[Site "?"]
[Date "2024.01.13"]
[Round "5.5"]
[White "Benvenuto, Alexander"]
[Black "Mumelter, Erwin"]
[Result "1-0"]
[WhiteElo "1594"]
[BlackElo "1689"]
[PlyCount "89"]
[EventDate "2024.01.13"]

1. d4 f5 2. e4 e6 3. e5 c5 4. c3 Qb6 5. Nf3 cxd4 6. cxd4 Nc6 7. Be2 Bb4+ 8. Nc3
Nge7 9. a3 Bxc3+ 10. bxc3 Nd5 11. Qc2 Qc7 12. O-O O-O 13. Bb2 a6 14. c4 Na5 15.
Rfc1 Nf4 16. Bf1 Qb6 17. Rab1 Nc6 18. Bc3 Qd8 19. Qd2 Ng6 20. d5 Nce7 21. Ba5
Qe8 22. Rb3 b5 23. Bb4 bxc4 24. Bxc4 Rf7 25. Ng5 Nxe5 26. dxe6 dxe6 27. Nxf7
Nxc4 28. Nh6+ gxh6 29. Rg3+ Ng6 30. Rxc4 Bb7 31. Qxh6 Qd7 32. h4 e5 33. h5 f4
34. Rg5 Qg7 35. Qxg7+ Kxg7 36. hxg6 Kf6 37. Rg4 hxg6 38. Rc7 Be4 39. Be7+ Ke6
40. Rh4 a5 41. Rh7 f3 42. g4 Rb8 43. Rc4 Rb1+ 44. Kh2 Bd3 45. Rc6+ 1-0

[Event "55smm A Richter/Lask-Arci"]
[Site "?"]
[Date "2024.01.13"]
[Round "5.6"]
[White "Di Lazzaro, Gabriele"]
[Black "Gheser, Amir"]
[Result "1/2-1/2"]
[WhiteElo "1814"]
[BlackElo "1702"]
[PlyCount "99"]
[EventDate "2024.01.13"]

1. e4 c5 2. Nf3 Nc6 3. d4 cxd4 4. Nxd4 g6 5. Nxc6 bxc6 6. Qd4 Nf6 7. e5 Nd5 8.
e6 Nf6 9. exf7+ Kxf7 10. Nc3 Bg7 11. Qh4 d5 12. Be2 Bf5 13. Bd3 Bxd3 14. cxd3
e5 15. O-O Rf8 16. Qh3 Qd7 17. Qxd7+ Nxd7 18. Na4 Rae8 19. Re1 Re6 20. Bd2 Rfe8
21. Rac1 e4 22. dxe4 Rxe4 23. Rxe4 Rxe4 24. Nc3 Re6 25. Kf1 Ne5 26. b3 Nd3 27.
Rb1 Ke7 28. Ne2 Kd6 29. Nf4 Nxf4 30. Bxf4+ Be5 31. Bxe5+ Rxe5 32. Re1 c5 33.
Rxe5 Kxe5 34. Ke2 g5 35. Ke3 c4 36. bxc4 dxc4 37. h3 h5 38. g3 Kd5 39. f4 gxf4+
40. gxf4 c3 41. Kd3 c2 42. Kxc2 Ke4 43. Kd2 Kxf4 44. Ke2 Kg3 45. Ke3 Kxh3 46.
Kf3 h4 47. Kf2 Kg4 48. Kg2 a5 49. a4 Kf4 50. Kh3 1/2-1/2

[Event "55smm A Richter/Lask-Groeden"]
[Site "?"]
[Date "2024.01.13"]
[Round "5.1"]
[White "Moroder, Stephan"]
[Black "De Eccher, Stefano"]
[Result "1/2-1/2"]
[WhiteElo "2155"]
[BlackElo "2175"]
[PlyCount "54"]
[EventDate "2024.01.13"]

1. d4 d5 2. c4 c6 3. Nf3 Nf6 4. Qc2 g6 5. Bf4 Bf5 6. Qb3 Qb6 7. e3 Bxb1 8. Rxb1
Nbd7 9. Qxb6 axb6 10. a3 e6 11. h3 Bg7 12. Ne5 O-O 13. Be2 Nxe5 14. Bxe5 Nd7
15. Bh2 dxc4 16. Bxc4 b5 17. Bb3 e5 18. dxe5 Nxe5 19. Bxe5 Bxe5 20. Ke2 Rfd8
21. Rhd1 Kf8 22. g4 Rxd1 23. Bxd1 g5 24. Kd2 Ke7 25. Bf3 h6 26. Kc2 Rd8 27. Rd1
Rxd1 1/2-1/2

[Event "55smm A Richter/Lask-Groeden"]
[Site "?"]
[Date "2024.01.13"]
[Round "5.2"]
[White "Moncher, Stefano"]
[Black "Casadio, Niccolo"]
[Result "1/2-1/2"]
[WhiteElo "2168"]
[BlackElo "2107"]
[PlyCount "104"]
[EventDate "2024.01.13"]

1. e4 e6 2. d3 c5 3. Nf3 Nc6 4. g3 Nge7 5. Bg2 g6 6. O-O Bg7 7. Re1 d6 8. Nc3
O-O 9. Bd2 h6 10. Rc1 e5 11. Nd5 Be6 12. c4 f5 13. b4 fxe4 14. dxe4 Qd7 15.
bxc5 dxc5 16. Be3 b6 17. Nh4 Kh7 18. f4 exf4 19. gxf4 Bd4 20. f5 gxf5 21. Bxd4
Nxd4 22. Nxe7 Qxe7 23. exf5 Qxh4 24. fxe6 Rg8 25. Qd3+ Kh8 26. Kh1 Rae8 27. Bd5
Rg5 28. Rg1 Reg8 29. Qe3 R8g7 30. Rxg5 Qxg5 31. Qxg5 hxg5 32. Re1 Re7 33. Re5
Kg7 34. Rxg5+ Kf6 35. Rg1 a6 36. Rf1+ Ke5 37. Rf7 Kd6 38. a4 b5 39. Rxe7 Kxe7
40. cxb5 axb5 41. a5 c4 42. a6 c3 43. Be4 Nc6 44. Kg2 b4 45. Bc2 Kxe6 46. h4
Ke5 47. Kg3 Kf6 48. Kf4 Kg7 49. Ke4 Kh6 50. Bd1 b3 51. Bxb3 Kh5 52. Kd3 Nb4+
1/2-1/2

[Event "55smm A Richter/Lask-Groeden"]
[Site "?"]
[Date "2024.01.13"]
[Round "5.3"]
[White "Demetz, Rainer"]
[Black "Bevilacqua, Maurizio"]
[Result "1-0"]
[WhiteElo "2201"]
[BlackElo "2027"]
[PlyCount "93"]
[EventDate "2024.01.13"]

1. c4 c5 2. g3 Nf6 3. Nf3 b6 4. Bg2 Bb7 5. O-O e6 6. Nc3 Be7 7. d4 cxd4 8. Qxd4
d6 9. b3 O-O 10. Bb2 a6 11. Rad1 Nc6 12. Qd3 Qc7 13. e4 Rfd8 14. Rfe1 Ne5 15.
Qe2 Rab8 16. Nd4 Ba8 17. h3 h6 18. Kh2 Bf8 19. f4 Ned7 20. Rd2 e5 21. Nc2 exf4
22. gxf4 Re8 23. Nd5 Bxd5 24. cxd5 Rbc8 25. Qf2 b5 26. Nb4 Qc5 27. Rd4 Qb6 28.
Nc6 Nb8 29. Nxb8 Qxb8 30. Rd2 Nd7 31. Rde2 Nc5 32. Qg3 Kh7 33. e5 Rcd8 34. b4
Na4 35. Be4+ Kh8 36. Bd4 Qc8 37. Rg2 Qc4 38. Rd1 dxe5 39. fxe5 g5 40. Rc2 Qxd4
41. Rxd4 Bg7 42. Kg2 Bxe5 43. Qf2 Bf4 44. Bd3 Re3 45. Rxf4 gxf4 46. Qxf4 Rxd3
47. Qf6+ 1-0

[Event "55smm A Richter/Lask-Groeden"]
[Site "?"]
[Date "2024.01.13"]
[Round "5.4"]
[White "Billio, Atto"]
[Black "Bernardi, Ruben"]
[Result "0-1"]
[WhiteElo "2004"]
[BlackElo "2042"]
[PlyCount "60"]
[EventDate "2024.01.13"]

1. c4 e5 2. Nc3 Nf6 3. Nf3 e4 4. Ng5 c6 5. d3 exd3 6. Qxd3 h6 7. Nge4 Nxe4 8.
Qxe4+ Be7 9. g3 O-O 10. Bg2 d6 11. O-O Na6 12. Rd1 Be6 13. b3 Qa5 14. Bd2 Bf6
15. Qf3 Qc7 16. Rac1 Nc5 17. Bxh6 Bxc3 18. Qxc3 gxh6 19. Qf6 Qd8 20. Qxh6 Qe7
21. Rd4 f6 22. b4 Nd7 23. Bh3 Bxh3 24. Qxh3 Rf7 25. Rcd1 Nf8 26. Rg4+ Rg7 27.
Rdd4 Qxe2 28. Rxg7+ Kxg7 29. Rg4+ Ng6 30. Qh5 Qd3 0-1

[Event "55smm A Richter/Lask-Groeden"]
[Site "?"]
[Date "2024.01.13"]
[Round "5.5"]
[White "Moroder, Thomas"]
[Black "Buglisi, Massimo"]
[Result "1-0"]
[WhiteElo "2012"]
[BlackElo "1911"]
[PlyCount "89"]
[EventDate "2024.01.13"]

1. e4 d6 2. d4 Nf6 3. f3 c5 4. dxc5 Qa5+ 5. Nc3 Qxc5 6. Bb5+ Bd7 7. Qd3 a6 8.
Bxd7+ Nbxd7 9. Be3 Qa5 10. O-O-O g6 11. g4 Rc8 12. g5 Ne5 13. Qd4 Nfd7 14. f4
Rc4 15. Qa7 Nc6 16. Qxb7 Bg7 17. Qc8+ Qd8 18. Qxa6 Rxc3 19. bxc3 Ndb8 20. Qb5
O-O 21. Ne2 Qd7 22. f5 Qc7 23. Nf4 Na7 24. Qb6 Qxc3 25. Nd5 Qa3+ 26. Kd2 Nbc6
27. Rb1 Qa4 28. Rb4 Nxb4 29. Qxb4 Qd7 30. f6 exf6 31. gxf6 Nc6 32. fxg7 Kxg7
33. Qc3+ Ne5 34. Bd4 f6 35. Qc7 Qxc7 36. Nxc7 Rc8 37. Bxe5 Rxc7 38. Bd4 Rc4 39.
Kd3 Ra4 40. Ra1 Ra3+ 41. c3 g5 42. Kc4 Kg6 43. Kb4 Ra8 44. a4 g4 45. Rf1 1-0

[Event "55smm A Richter/Lask-Groeden"]
[Site "?"]
[Date "2024.01.13"]
[Round "5.6"]
[White "Pangrazzi, Marco"]
[Black "Grossi, Christian"]
[Result "0-1"]
[WhiteElo "2154"]
[BlackElo "1905"]
[PlyCount "72"]
[EventDate "2024.01.13"]

1. e4 g6 2. d4 Bg7 3. Nc3 d6 4. Be3 a6 5. Qd2 b5 6. O-O-O Bb7 7. f3 Nd7 8. h4
h5 9. Nh3 Rc8 10. Ng5 Ngf6 11. g3 c5 12. Bh3 c4 13. e5 b4 14. exf6 bxc3 15.
Qxc3 Bxf6 16. Ne4 Bg7 17. Qb4 Bc6 18. Bg5 Bxe4 19. fxe4 Qc7 20. e5 a5 21. Qa4
e6 22. exd6 Qxd6 23. Bf4 Bh6 24. Bxh6 Rxh6 25. d5 e5 26. Rhe1 f5 27. Qxa5 c3
28. bxc3 Kf7 29. Bf1 Rhh8 30. Qb4 Rc5 31. Bb5 Rb8 32. a4 Nb6 33. Rxe5 Nxa4 34.
Re6 Nxc3 35. Qd4 Na2+ 36. Kd2 Qxd5 0-1